Giacomo Puccini, La Boheme : [premiéra 7. listopadu 1997 v Janáčkově divadle v Brně /

Korporativní autor: Janáčkovo divadlo
Další autoři: Bártová, Monika, 1979-
Jazyk: Němčina
Čeština
Angličtina
Vydáno: Brno : Janáčkovo divadlo, 1997
Témata:
Fyzický popis: [48] s. : il. ; 23 cm
Knihy
Uloženo v:
LEADER 01692nam a2200445 a 4500
001 000707774
003 CZ BrMZK
005 20090327102241.0
007 ta
008 040305s1997 xr a e 000 0 cze d
015 |a cnb000296990 
020 |a 80-238-1978-X  |q (v knize neuvedeno ; brož.) 
035 |a (OCoLC)38974426 
040 |a ABA001  |b cze  |d BOA001 
041 1 |a cze  |a ger  |a eng  |h cze 
043 |a e-it---  |a e-xr---  |b e-xr-jm  |2 czenas 
045 |a w-w-  |a x9y0 
080 |a 782  |2 MRF 
080 |a 792.54  |2 MRF 
080 |a (450)  |2 MRF 
080 |a (437.322)  |2 MRF 
080 |a (083.97)  |2 MRF 
245 0 0 |a Giacomo Puccini, La Boheme :  |b [premiéra 7. listopadu 1997 v Janáčkově divadle v Brně /  |c programovou brožuru připravila Monika Bártová-Holá] 
246 3 3 |a <<La >>Bohème 
260 |a Brno :  |b Janáčkovo divadlo,  |c 1997 
300 |a [48] s. :  |b il. ;  |c 23 cm 
500 |a Obsah opery též v angl. a něm. 
648 7 |a 19. století  |7 ch460557  |2 czenas 
648 7 |a 1991-2000  |7 ch460587  |2 czenas 
650 0 7 |a opery  |7 ph123760  |z Itálie  |y 19. stol.  |2 czenas 
650 0 7 |a operní inscenace  |7 ph137507  |z Česko  |y 1991-2000  |2 czenas 
655 7 |a divadelní programy  |7 fd132033  |2 czenas 
610 2 7 |a Janáčkovo divadlo  |7 kn20010709307  |2 czenas 
651 7 |a Brno (Česko)  |7 ge134084  |2 czenas 
700 1 |a Bártová, Monika,  |d 1979-  |7 ola2003193647  |4 edt 
710 2 |a Janáčkovo divadlo  |7 kn20010709307 
910 |a BOA001  |b 2-1130.306 
990 |a BK 
996 6 |b 2610213454  |c 2-1130.306  |l MZK  |r Sklad / do 1 hodiny  |n 0  |p p.v.  |w 000707774  |u 000010  |a 1  |e BOA001  |j MZK50  |s P 
996 7 |b 2610213455  |c 2-1130.306  |l MZK  |r Sklad / do 1 hodiny  |n 1  |p p.v.  |w 000707774  |u 000020  |a 1  |e BOA001  |j MZK50  |s A